00886nam a2200181Ia 4500008004100000020001800041050002300059100002200082245011800104250001100222260002300233300001100256440002000267500004600287505027100333650006200604700003800666121028s9999 xx 000 0 und d a968-24-4396-2 aG156.5 P5 M65 1991 aMOLINA E., Sergio aPlanificación integral del turismo : un enfoque para latinoamérica / Sergio Molina E. y Sergio Rodríguez A. a2a ed. aMéxico : Trillas a104 p. aTrillas turismo aIncluye índices Bibliografía: p.97-98 aIntroducción Cap. 1. Evolución económica y social de Latinoamérica Cap. 2. Papel del turismo en el proceso evolutivo de Latinoamérica Cap. 3. Contexto de la planificación Cap. 4. Aspectos técnicos de la planificación Cap. 5. Enfoques de la planificac aTurismo - Planificación y desarrollo - América Latina aRodríguez A., Sergio, coaut.Ì